00866nam a2200241 i 4500001001000000003000900010005001700019007000300036008004100039040003000080082002400110100003200134245013400166264009800300300002800398336002700426337003400453338003000487650002200517650002700539650002200566700003600588000012885DO-SdBNP20240530073915.0ta091118t1994 dr 000 f spa d aDO-SdBNPbspacBNPHUerda 4aRD863.44bP192y2221 aPaniagua Blanco, J. M.erda10aYo cruce la selva del Darien...y se hizo el milagro :brelato verídico /cJ. M. Paniagua Blanco ; prólogo José Pardo Llada. aSan Juan de la Maguana, República Dominicana :bDominicana de Impresos y Publicidad,c1994. a125 páginas ;a21 cm. 2rdacontentatextobtxt 2rdamediaasin mediación bn 2rdacarrier avolumen bnc 0aNovela dominicana 0aLiteratura dominicana. 4aRelatos de viajes1 aPardo Llada, José,eprólogo